Tennis - Classement ATP 2025 - Top 50 - Statistiques

Statistiques générales
  • Ce quiz a été pris 1 857 fois
    534 depuis la dernière actualisation
  • Le résultat moyen est 34 sur 50
Statistiques - réponses
Classement Pays Réponse % Correct
1 Espagne Carlos Alcaraz
100%
2 Italie Jannik Sinner
99%
4 Serbie Novak Djokovic
99%
3 Allemagne Alexander Zverev
98%
13 Russie Daniil Medvedev
94%
12 Norvège Casper Ruud
93%
8 Canada Felix Auger-Aliassime
93%
6 États-Unis Taylor Fritz
92%
7 Australie Alex de Minaur
91%
15 Danemark Holger Rune
91%
9 Italie Lorenzo Musetti
91%
5 États-Unis Ben Shelton
90%
11 Kazakhstan Alexander Bublik
89%
40 France Arthur Fils
85%
10 Royaume-Uni Jack Draper
85%
34 Grèce Stefanos Tsitsipas
83%
31 Monaco Valentin Vacherot
83%
16 Russie Andrey Rublev
82%
24 Brésil Joao Fonseca
79%
29 France Arthur Rinderknech
77%
37 France Ugo Humbert
76%
30 États-Unis Frances Tiafoe
73%
35 France Corentin Moutet
72%
44 Bulgarie Grigor Dimitrov
70%
14 Espagne Alejandro Davidovich Fokina
69%
19 Tchéquie Jakub Mensik
69%
21 Argentine Francisco Cerundolo
67%
18 Russie Karen Khachanov
67%
23 Canada Denis Shapovalov
66%
43 Belgique Zizou Bergs
66%
22 Italie Flavio Cobolli
64%
17 Tchéquie Jiri Lehecka
63%
20 États-Unis Tommy Paul
63%
25 Pays-Bas Tallon Griekspoor
61%
27 Royaume-Uni Cameron Norrie
60%
32 Tchéquie Tomas Machac
59%
47 Portugal Nuno Borges
56%
45 Argentine Sebastian Baez
52%
36 Espagne Jaume Munar
51%
39 Italie Lorenzo Sonego
50%
41 Canada Gabriel Diallo
45%
26 Italie Luciano Darderi
44%
28 États-Unis Learner Tien
43%
42 France Alexandre Müller
41%
48 États-Unis Sebastian Korda
35%
38 États-Unis Alex Michelsen
34%
46 Allemagne Daniel Altmaier
34%
33 États-Unis Brandon Nakashima
31%
50 États-Unis Reilly Opelka
28%
49 Argentine Camilo Ugo Carabelli
21%
Aucun quiz correspondant
Distribution des résultats
% des personnes avec chaque résultat
Percentile par nombre de réponses
Votre historique - résultats
Vous n’avez pas pris ce quiz depuis la dernière actualisation